| 000 | 00612nam a22001817a 4500 | ||
|---|---|---|---|
| 003 | CEME | ||
| 005 | 20210628204056.0 | ||
| 008 | 210111b xxu||||| |||| 00| 0 eng d | ||
| 020 | _a9788131770139 | ||
| 040 | _cceme | ||
| 082 | _a004.678 GRA | ||
| 100 |
_aGrayson, Mark , Shatzkamer, Kevin , Wierenga, Klaas _968610 |
||
| 245 | _aBuilding the mobile internet , pervasive, ubiquitous computing technologies and protocols that are shaping the future of our mobile experience | ||
| 260 |
_aINDIA _bPEARSON EDUCATION _c2012 |
||
| 300 | _aXIX, 254P | ||
| 650 |
_aMOBILE INTERNET.CISCO. _968611 |
||
| 942 |
_cBK _2ddc |
||
| 999 |
_c576137 _d576137 |
||